00327nam a2200121Ia 4500008004100000082001000041100002300051245002900074260003600103300000800139630002900147730002900176100204s9999 xx 000 0 und d b21978 aED. G. B. HARRISON aA BOOK OF ENGLISH POETRY b"PPENGUIN BOOKS, ENGLAND"c1937 a240 aA BOOK OF ENGLISH POETRY aA BOOK OF ENGLISH POETRY